Differential equations : theory, technique, and practice

This traditional text is intended for mainstream one- or two-semester differential equations courses taken by undergraduates majoring in engineering, mathematics, and the sciences. Written by two of the world’s leading authorities on differential equations, Simmons/Krantz provides a cogent and acces...

Descripció completa

Guardat en:
Dades bibliogràfiques
Autor principal: Simmons, George Finlay
Format: Llibre
Idioma:Undetermined
Publicat: New York, NY McGraw-Hill Higher Education 2007
Matèries:
Etiquetes: Afegir etiqueta
Sense etiquetes, Sigues el primer a etiquetar aquest registre!
Thư viện lưu trữ: Trung tâm Học liệu Trường Đại học Cần Thơ
LEADER 01210nam a2200217Ia 4500
001 CTU_149024
008 210402s9999 xx 000 0 und d
082 |a 515.35 
082 |b S592 
100 |a Simmons, George Finlay 
245 0 |a Differential equations : 
245 0 |b theory, technique, and practice 
245 0 |c George F. Simmons and Steven G. Krantz. 
260 |a New York, NY 
260 |b McGraw-Hill Higher Education 
260 |c 2007 
520 |a This traditional text is intended for mainstream one- or two-semester differential equations courses taken by undergraduates majoring in engineering, mathematics, and the sciences. Written by two of the world’s leading authorities on differential equations, Simmons/Krantz provides a cogent and accessible introduction to ordinary differential equations written in classical style. Its rich variety of modern applications in engineering, physics, and the applied sciences illuminate the concepts and techniques that students will use through practice to solve real-life problems in their careers. 
650 |a Differential equations 
650 |x Textbooks 
904 |i Năm 
980 |a Trung tâm Học liệu Trường Đại học Cần Thơ